| 000 | 00403nam a2200157Ia 4500 | ||
|---|---|---|---|
| 008 | 230917s9999||||xx |||||||||||||| ||und|| | ||
| 040 |
_e45912 _aMAIN |
||
| 041 | _aEnglish | ||
| 082 | _a821.7 T258B:T | ||
| 100 | _aBrooke, Stopford A | ||
| 245 | 0 | _aTennyson: His art and relation to modern life | |
| 250 | _a9th. ed. | ||
| 260 |
_alondon _bIsaac Pitman _c1916 |
||
| 300 | _avi, 483 p. | ||
| 942 | _cBK | ||
| 999 |
_c213530 _d213530 |
||